000 00420nam a22001457a 4500
020 _a0 88406 061 6
082 _aOS 368.2 WEB
100 _aWEBB, BERNARD L.
245 _aCOLLECTIVE MERCHANDISING OF AUTOMABILI INSURANCE
250 _aATLANTA,
260 _bGEORGIA STATE UNIVERSITY
_c1969
300 _aVI,49P.
650 _aCOLLECTIVE MERCHANDISING 0F AUTOMOBILE INSURANCE THE EMPLOYERS VIEW
942 _cBK
999 _c13247
_d13247